LEADER 02759nam 2200637 a 450 001 9910141252903321 005 20230801223708.0 010 $a1-280-88036-8 010 $a9786613721679 010 $a1-118-25384-1 010 $a1-118-29520-X 010 $a1-118-25386-8 035 $a(CKB)2670000000210949 035 $a(EBL)953383 035 $a(OCoLC)798943401 035 $a(SSID)ssj0000677967 035 $a(PQKBManifestationID)11426589 035 $a(PQKBTitleCode)TC0000677967 035 $a(PQKBWorkID)10699442 035 $a(PQKB)11047154 035 $a(MiAaPQ)EBC953383 035 $a(Au-PeEL)EBL953383 035 $a(CaPaEBR)ebr10579528 035 $a(CaONFJC)MIL372167 035 $a(EXLCZ)992670000000210949 100 $a20111201d2012 uy 0 101 0 $aeng 135 $aur|n|---||||| 181 $ctxt 182 $cc 183 $acr 200 00$aInsect outbreaks revisited$b[electronic resource] /$fedited by Pedro Barbosa, Deborah K. Letourneau, Anurag A. Agrawal 210 $aChichester, England ;$aHoboken, N.J. $cWiley-Blackwell$d2012 215 $a1 online resource (493 p.) 300 $aUpdates: Insect outbreaks / edited by Pedro Barbosa and Jack C. Shultz. San Diego : Academic Press, c1987. 311 $a1-4443-3759-9 320 $aIncludes bibliographical references and indexes. 327 $apt. 1. Physiological and life history perspectives -- pt. 2. Population dynamics and multispecies interactions -- pt. 3. Population, community, and ecosystem ecology -- pt. 4. Genetics and evolution -- pt. 5. Applied perspectives. 330 $aThe abundance of insects can change dramatically from generation to generation; these generational changes may occur within a growing season or over a period of years. Such extraordinary density changes or ""outbreaks"" may be abrupt and ostensibly random, or population peaks may occur in a more or less cyclic fashion. They can be hugely destructive when the insect is a crop pest or carries diseases of humans, farm animals, or wildlife. Knowledge of these types of population dynamics and computer models that may help predict when they occur are very important. This important new book revisit 606 $aInsect populations 606 $aInsects$xEcology 606 $aInsect pests 615 0$aInsect populations. 615 0$aInsects$xEcology. 615 0$aInsect pests. 676 $a595.7 701 $aBarbosa$b Pedro$f1944-$0916242 701 $aLetourneau$b Deborah Kay$0916243 701 $aAgrawal$b Anurag A$081433 801 0$bMiAaPQ 801 1$bMiAaPQ 801 2$bMiAaPQ 906 $aBOOK 912 $a9910141252903321 996 $aInsect outbreaks revisited$92054071 997 $aUNINA LEADER 01271nam 2200373 450 001 9910794944503321 005 20230808205723.0 010 $a3-7369-8340-9 035 $a(CKB)4340000000199258 035 $a(MiAaPQ)EBC5021304 035 $a(EXLCZ)994340000000199258 100 $a20170929h20162016 uy 0 101 0 $aeng 135 $aurcnu|||||||| 181 $2rdacontent 182 $2rdamedia 183 $2rdacarrier 200 10$aImpact of diets differing in fat and fiber content on intestinal microbiota, microbial activity and metabolic markers in a pig model /$fpresented by Sonja Nicola Heinritz, born in Horb am Neckar, Germany 210 1$aGottingen, [Germany] :$cCuvillier Verlag,$d2016. 210 4$dİ2016 215 $a1 online resource (163 pages) 311 $a3-7369-9340-4 320 $aIncludes bibliographical references. 606 $aMicrobiota 615 0$aMicrobiota. 676 $a576.05 700 $aHeinritz$b Sonja$01506529 801 0$bMiAaPQ 801 1$bMiAaPQ 801 2$bMiAaPQ 906 $aBOOK 912 $a9910794944503321 996 $aImpact of diets differing in fat and fiber content on intestinal microbiota, microbial activity and metabolic markers in a pig model$93736808 997 $aUNINA